Catálogo

LUOMO QUESTO SQUILIBRATO (Registro nro. 46756)

Detalles MARC
000 -LEADER
fixed length control field 00922nam a2200205 a 4500
001 - CONTROL NUMBER
control field 46756
005 - DATE AND TIME OF LATEST TRANSACTION
control field 20180714030440.0
008 - FIXED-LENGTH DATA ELEMENTS--GENERAL INFORMATION
fixed length control field 140415s2000 it 000 0 ita d
020 ## - INTERNATIONAL STANDARD BOOK NUMBER
International Standard Book Number 8883021487
041 ## - LANGUAGE CODE
Language code of text/sound track or separate title ita
082 ## - DEWEY DECIMAL CLASSIFICATION NUMBER
Classification number 195
Item number OPE
100 1# - MAIN ENTRY--PERSONAL NAME
Personal name SCIACCA, MICHELE FEDERICO
245 10 - TITLE STATEMENT
Title LUOMO QUESTO SQUILIBRATO
250 ## - EDITION STATEMENT
Edition statement 1a ed.
260 ## - PUBLICATION, DISTRIBUTION, ETC.
Place of publication, distribution, etc. ITALIA :
Name of publisher, distributor, etc. LEPOS SOCIETA EDITRICIE S.A.S.,
Date of publication, distribution, etc. 2000
300 ## - PHYSICAL DESCRIPTION
Extent
Dimensions 14.3 x 2.2 x 22.6
490 ## - SERIES STATEMENT
Series statement OPERE DI MICHELE FEDERICO SCIACCA
520 ## - SUMMARY, ETC.
Summary, etc. ORMAI DA ALCUNI ANNI VADO ANNUNZIANDO, IN VARIE OCCASIONI, UN MIO LAVORO DAL TITOLO LA FILOSOFIA DELL´INTEGRALITÁ. SOLO ALL´INIZIO, HO PENSATO AD UN´OPERA IN QUATRO O CINQUE VOLUMI, MA BEN PRESTO, E ORMAI DA TEMPO, IL PRIMITIVO PROGRETTO É STATO ABBANDONATO PER L´ALTRO DI VOLUMINI AUTONOMI, SECONDO L´ESTRO E I PROBLEMI CHE PIÚ MI INTERESSANO.
650 14 - SUBJECT ADDED ENTRY--TOPICAL TERM
Topical term or geographic name entry element ANTROPOLOGIA FILOSOFICA
General subdivision ETICA
Existencias
Withdrawn status Lost status Source of classification or shelving scheme Damaged status Not for loan Collection code Home library Current library Shelving location Date acquired Source of acquisition Inventory number Total Checkouts Full call number Barcode Date last seen Price effective from Koha item type
    Dewey Decimal Classification     General Biblioteca Karol Wojtyla Biblioteca Karol Wojtyla Sala general 03/12/2013 Compra 151000000000000000062462   195 OPE 70119 05/01/2026 03/12/2013 Libro